孩子聽你那一套嗎? : (Record no. 606)
[ view plain ]
| 000 -LEADER | |
|---|---|
| fixed length control field | 01196nam a2200265Ia 4500 |
| 003 - CONTROL NUMBER IDENTIFIER | |
| control field | OSt |
| 005 - DATE AND TIME OF LATEST TRANSACTION | |
| control field | 20241024153427.0 |
| 008 - FIXED-LENGTH DATA ELEMENTS--GENERAL INFORMATION | |
| fixed length control field | 200819s9999||||xx |||||||||||||| ||und|| |
| 020 ## - INTERNATIONAL STANDARD BOOK NUMBER | |
| International Standard Book Number | 9579824355 |
| 020 ## - INTERNATIONAL STANDARD BOOK NUMBER | |
| International Standard Book Number | 9789579824354 |
| 040 ## - CATALOGING SOURCE | |
| Transcribing agency | 0 |
| 041 ## - LANGUAGE CODE | |
| Language code of text/sound track or separate title | chi |
| Language code of original | eng |
| 050 ## - LIBRARY OF CONGRESS CALL NUMBER | |
| Classification number | BV4529 |
| Item number | .F63 1999 |
| 100 ## - MAIN ENTRY--PERSONAL NAME | |
| Personal name | Yorkey, Mike |
| 245 #0 - TITLE STATEMENT | |
| Title | 孩子聽你那一套嗎? : |
| Remainder of title | 養兒育女有妙招1 / |
| Statement of responsibility, etc. | 麥克.楊基 (Mike Yorkey) 著; 黃淑俐譯 |
| 246 ## - VARYING FORM OF TITLE | |
| Title proper/short title | 孩子听你那一套吗?: |
| Remainder of title | 养儿育女有妙招1 |
| 260 ## - PUBLICATION, DISTRIBUTION, ETC. | |
| Place of publication, distribution, etc. | 台北: |
| Name of publisher, distributor, etc. | 愛家文化基金會, |
| Date of publication, distribution, etc. | 1999 |
| 300 ## - PHYSICAL DESCRIPTION | |
| Extent | 9, 206 p. : |
| Other physical details | ill. ; |
| Dimensions | 21 cm. |
| 505 ## - FORMATTED CONTENTS NOTE | |
| Formatted contents note | 你對養育幼兒及學齡兒童感到頭痛嗎?如何讓孩子興味盎然的求學?如何創造和諧歡樂的家庭氣氛?書中每篇章作者多從事教育、心理輔導工作,深諳各年齡層孩子的心理,並提供你具體作法和真實事例,幫助父母親營造美好的親子關係,養育出健康、開朗、舉止合宜、心性成熟的下一代。 |
| 650 ## - SUBJECT ADDED ENTRY--TOPICAL TERM | |
| Topical term or geographic name entry element | Child rearing -- Religious aspects -- Christianity. |
| 650 ## - SUBJECT ADDED ENTRY--TOPICAL TERM | |
| Topical term or geographic name entry element | Families -- Religious life. |
| 700 ## - ADDED ENTRY--PERSONAL NAME | |
| Personal name | 麥克.楊基 |
| 700 ## - ADDED ENTRY--PERSONAL NAME | |
| Personal name | 黃淑俐 |
| 942 ## - ADDED ENTRY ELEMENTS (KOHA) | |
| Source of classification or shelving scheme | |
| Koha item type | Chinese Book |
| Withdrawn status | Lost status | Source of classification or shelving scheme | Damaged status | Not for loan | Home library | Current library | Shelving location | Date acquired | Total Checkouts | Full call number | Barcode | Date last seen | Price effective from | Koha item type | Copy number |
|---|---|---|---|---|---|---|---|---|---|---|---|---|---|---|---|
| Library of Congress Classification | GETS Theological Seminary Library | GETS Theological Seminary Library | General Stacks | 07/12/2020 | BV4529 .F63 1999 | 00000559 | 07/12/2020 | 07/12/2020 | Chinese Book | ||||||
| Library of Congress Classification | GETS Theological Seminary Library | GETS Theological Seminary Library | General Stacks | 08/19/2020 | BV4529 .F63 1999 | 00003118 | 08/19/2020 | 08/19/2020 | Chinese Book | c. 2 |